| 000 | 00646nam a2200193Ia 4500 | ||
|---|---|---|---|
| 003 | GCL | ||
| 008 | 140319s9999 xx 000 0 ara d | ||
| 040 |
_aGCL / _cGCL |
||
| 082 | 0 | 4 |
_a823.03 _bا م |
| 100 | 1 | _aاتشيبى، غينوا | |
| 245 | 1 | 0 |
_aمضى عهد الراحة (هدية من الاديب عبدالفتاح الجمل) / _cاتشيبى، غينوا |
| 700 | 1 | _aنزار مروة | |
| 300 | _a168 ص | ||
| 490 |
_aذاكرة الشعوب _v0 |
||
| 650 | 0 | 4 | _aالقصص الانجليزية |
| 650 | 0 | 4 | _aالادب الانجليزى المترجم |
| 650 | 0 | 4 | _aالادب العالمى المترجم |
| 942 |
_2ddc _cBK |
||
| 999 |
_c40155 _d40155 |
||